Хитроумните гърци (Запис номер 101233)
[ съкратено ]
| 000 -Лидер | |
|---|---|
| Контролно поле с фиксирана дължина | 01717nam a2200421 c 4500 |
| 003 - Код на организацията, давaща контролен номер | |
| Контролно поле | BLK |
| 005 - Дата и час на последна редакция | |
| Контролно поле | 20250508135642.0 |
| 008 - Елементи от данни с фиксирана дължина | |
| fixed length control field | 180409b bul|||||r ||||||| ||bul|| |
| 010 ## - Наследен системен номер | |
| LC control number | KNG00106276000 |
| 020 ## - Международен стандартен номер на книга ISBN | |
| Международен стандартен номер на книга ISBN | 954-446-382-8 |
| -- | издат.: Егмонт България |
| 040 ## - Източник на каталожния запис | |
| Идентификатор на билиотеката - собственик на записа | BLK |
| 041 ## - Код за език | |
| Код за езика на текст/звукозапис или на отделно заглавие | Български |
| Код за езика КДБФ | Български |
| 072 #7 - Код за тематичната категория | |
| Код организация | bullib |
| Код за тематична категория | Н86 |
| Текст | Детска отраслова литература Н |
| 080 ## - УДК | |
| Текстов определител УДК | История на Гърция (до 323 г. н. е.). Древна Гърция |
| УДК код - определител по УДК | 94(38) |
| УДК определител | |
| УДК - код + определител | 94(38) |
| 100 1# - Редна дума - Автор | |
| Автор | Диъри, Тери |
| Авторска отговорност | първи автор |
| R(LIN) | 273538 |
| 139 ## - Редно поле | |
| Редна дума | Диъри, Тери |
| Авторски знак | Дич - Д 64 |
| 245 10 - Сведения за заглавието | |
| Заглавие | Хитроумните гърци |
| Редно поле (дума) | Тери Диъри; ил. Мартин Браун; прев. Георги Добрев. |
| 257 ## - Страна на издаване | |
| Страна на създаване/издаване | Великобритания |
| 260 ## - Област на издателските данни | |
| -- | София |
| Име на издателя, разпространителя и проч. | Егмонт България |
| Година на издаване | 2000 |
| Печатница | София : Балкан прес |
| 300 ## - Физическа характеристика | |
| Страници | 128 с. |
| Илюстрации и др. | с ил. |
| Размери/Мащаб | 20 см |
| 380 ## - Жанр | |
| Жанр | Детска отраслова лит. |
| 490 1# - СЕРИИ (Колекции) | |
| Име на серия | Страховитото в историята |
| 500 ## - Общи забележки | |
| Забележка | Без сведение за ориг. загл. - Офс. изд. - Доп. тир. 2011. |
| 650 #4 - Допълнително описание по предмет – тема | |
| Основно описание – тема или топоним | История - Древна Гърция |
| 9 (RLIN) | 278170 |
| 650 #4 - Допълнително описание по предмет – тема | |
| Основно описание – тема или топоним | Древна Гърция - история |
| 9 (RLIN) | 244549 |
| 651 #4 - Допълнително описание по предмет - топоним | |
| Географско понятие | Древна Гърция |
| 9 (RLIN) | 242869 |
| 653 ## - Ключова дума – ненормативна | |
| Ключова дума | Древна Гърция |
| 653 ## - Ключова дума – ненормативна | |
| Ключова дума | история |
| 659 ## - Тематичен бюлетин | |
| Тематичен бюлетин | Н |
| 700 1# - Други автори (авторска отговорност) | |
| Лично име | Браун, Мартин |
| Автороска отговорност (Описва отношението между автора и произведението) | ил. |
| 9 (RLIN) | 273539 |
| 700 1# - Други автори (авторска отговорност) | |
| Лично име | Добрев, Георги |
| Автороска отговорност (Описва отношението между автора и произведението) | прев. |
| 9 (RLIN) | 365433 |
| 852 ## - Местоположение | |
| Форматна сигнатура | Цб 255055 |
| 856 4# - Електронен адрес и достъп | |
| Електронен формат | pdf - файл |
| Път до файла /url/ | |
| 856 4# - Електронен адрес и достъп | |
| Електронен формат | pdf - файл |
| Път до файла /url/ | |
| 942 ## - АРТИКУЛИ | |
| Вид на библиотечния материал | Книги |
| Скрит в OPAC | Не |
| Koha issues (borrowed), all copies | 6 |
| 944 ## - СЪЗДАВАНЕ И РЕДАКЦИЯ на ЗАПИСА | |
| Създаване/Редакция | Създаване |
| Дата на регистрацията/редакция | 16.05.2012 |
| Статус, дата на статуса | Бояна Костадинова |
| Служител, извършил регистрацията/редакцията | 30551 |
| 944 ## - СЪЗДАВАНЕ И РЕДАКЦИЯ на ЗАПИСА | |
| Създаване/Редакция | Редакция |
| Дата на регистрацията/редакция | 16.10.2012 |
| Статус, дата на статуса | ф / |
| Служител, извършил регистрацията/редакцията | |
| 999 ## - СИСТЕМНИ КОНТРОЛНИ НОМЕРА | |
| Koha biblionumber | 101233 |
| Koha biblioitemnumber | 101233 |
| Код за отписване | Код за изгубен артикул | Източник на класификационната схема | Код за повреда | Коз за рестрикции | Код за отдаване | Артикулен № | Име на библиотеката - собственик | Име на библиотеката, в която се намира в момента | Статус (Текущо местоположение) | Дата на вписване в системата | Местоположение - отдел | Цена в лева | Инвентарен номер | Систематично азбучна сигнатура | Баркод | Номер на екземпляра | Цена в евро | Служебна бележка | Служебен тип на артикула |
|---|---|---|---|---|---|---|---|---|---|---|---|---|---|---|---|---|---|---|---|
| Не е изгубен | Universal Decimal Classification | Не е повреден | без рестрикции | заемане за дома | 162893 | Регионална библиотека "Любен Каравелов" Русе | Регионална библиотека "Любен Каравелов" Русе | Детски отдел | 2012-05-16 | Детски отдел | 3.19 | 120000757340 | ДН 94(3)/Д 64 | 120000757340 | 1 | 1.63 | Дост: DA Вид: А N: 7 Дата: 16.05.2012 Дата инв: 25.08.2015 Бележки инв: Д2015 | Книги |